| 000 | 01802nam a22002897a 4500 | ||
|---|---|---|---|
| 003 | OSt | ||
| 005 | 20260327145702.0 | ||
| 008 | 260326t1975 xxu||||| |||| 00| 0 spa d | ||
| 020 | _a8424403827 | ||
| 040 |
_aUnicoc _bspa _c00001 _d00001 |
||
| 082 | _a158.1 | ||
| 100 |
_912755 _aSkinner, Burrhus Frederic |
||
| 245 |
_aLa conducta de los organismo _b: un análisis experimental _c/ Burrhus Frederic Skinner |
||
| 250 | _a1 Ed. | ||
| 260 |
_aEspaña : _bFontanella , _c1975 |
||
| 300 |
_a474 páginas _bIlustraciones |
||
| 440 |
_912808 _aColección de Psicología y Psiquiatría |
||
| 440 |
_912806 _aConducta humana _n5 |
||
| 520 | _aSkinner sostiene que la conducta debe ser estudiada como un fenómeno observable y medible, sin recurrir a explicaciones mentales o introspectivas. El eje central de la obra es que la conducta de los organismos está controlada por sus consecuencias: las respuestas que producen consecuencias favorables tienden a repetirse, mientras que aquellas seguidas de consecuencias desfavorables tienden a desaparecer. El autor introduce el concepto de conducta operante, definida como aquella que opera sobre el ambiente y es modificada por los efectos que produce. Para explicar este proceso, Skinner desarrolla experimentalmente el principio del refuerzo, demostrando cómo los estímulos reforzantes aumentan la probabilidad de que una respuesta ocurra de nuevo. | ||
| 526 | _5Unicoc | ||
| 546 | _aEspañol | ||
| 650 | 0 |
_99335 _aConducta (Psicología) |
|
| 650 | 0 |
_910631 _aPsicología experimental |
|
| 658 | 0 |
_910741 _aPrograma de Psicología |
|
| 856 |
_uhttps://unicoceduco-my.sharepoint.com/:b:/g/personal/direccionbiblioteca_unicoc_edu_co/IQAoje7lPauZSLpyc5M1oDiWAbGazZHi_ktElTwXsNay8Rs _yAcceso online exclusivo para comunidad Unicoc. |
||
| 942 |
_2ddc _cEBOOK |
||
| 999 |
_c10790 _d10790 |
||